[Event "CRO-ch U11"]
[Site "Trogir"]
[Date "2020.08.24"]
[Round "1"]
[White "Gal, Andrej"]
[Black "Miletic, Ivan"]
[Result "1-0"]
[WhiteElo "1753"]
[BlackElo "1777"]
[PlyCount "83"]
[EventDate "2020.08.24"]
[EventType "swiss"]
[EventRounds "9"]
[EventCountry "CRO"]
[SourceTitle "CBM 198 Extra"]
[Source "ChessBase"]
[SourceDate "2020.11.30"]
[SourceVersion "1"]
[SourceVersionDate "2020.11.30"]
[SourceQuality "1"]

1. d4 d5 2. c4 e6 3. Nc3 Nf6 4. cxd5 exd5 5. Bg5 Be7 6. e3 0-0 7. Bd3 h6 8. Bh4 b6 9. Nge2 Bb7 10. f3 c5 11. 0-0 Nbd7 12. Rc1 Rc8 13. Bb1 Re8 14. Qd2 Bf8 15. Bf2 a6 16. Ng3 Rc7 17. Nf5 Qc8 18. Rfd1 c4 19. Bg3 Rc6 20. e4 dxe4 21. fxe4 Rce6 22. e5 Nd5 23. Ne4 Bb4 24. Qc2 g6 25. Nxh6+ Kg7 26. Ng4 f5 27. exf6+ N7xf6 28. Nexf6 Nxf6 29. Qxg6+ Kf8 30. Nxf6 Rxf6 31. Qxf6+ Kg8 32. Qg6+ Kf8 33. Rf1+ Ke7 34. Qf6+ Kd7 35. Bf5+ Re6 36. Bxe6+ Kc6 37. Bxc8+ Kb5 38. Rf5+ Ka4 39. Bxb7 Bc5 40. Qc6+ b5 41. Rxc4+ Bb4 42. Qxa6# 1-0